| 000 | 00974cam a2200277 a 4500 | ||
|---|---|---|---|
| 001 | 168611 | ||
| 003 | ARRUPE | ||
| 005 | 20131125162928.0 | ||
| 008 | 980723s1998 sa b 000 0 eng | ||
| 010 | _a 98174359 | ||
| 020 | _a186888029X | ||
| 020 | _a0852444745 (UK) | ||
| 040 |
_aDLC _cDLC _dDLC |
||
| 050 | 0 | 0 |
_aBX1751.2 _b.N47 1998 |
| 100 | 1 |
_aNichols, Aidan. _93737 |
|
| 245 | 1 | 0 |
_aCatholic thought since the Enlightenment : _ba survey / _cAidan Nichols. |
| 250 | _a1st ed. | ||
| 260 |
_aPretoria : _bUniversity of South Africa, _cc1998. |
||
| 300 |
_aix, 224 p. ; _c22 cm. |
||
| 504 | _aIncludes bibliographical references (p. 207-224). | ||
| 610 | 2 | 0 |
_aCatholic Church _xDoctrines _xHistory _y19th century. _93738 |
| 610 | 2 | 0 |
_aCatholic Church _xDoctrines _xHistory _y20th century. _93739 |
| 906 |
_a7 _bcbc _corignew _d3 _encip _f19 _gy-gencatlg |
||
| 942 |
_2lcc _cMONOGRAPH |
||
| 999 |
_c118657 _d118657 |
||